Wireless networks / (Record no. 179920)
[ view plain ]
| 000 -LEADER | |
|---|---|
| fixed length control field | 01384 a2200229 4500 |
| 003 - CONTROL NUMBER IDENTIFIER | |
| control field | Nust |
| 005 - DATE AND TIME OF LATEST TRANSACTION | |
| control field | 20221219182413.0 |
| 010 ## - LIBRARY OF CONGRESS CONTROL NUMBER | |
| LC control number | 2002033135 |
| 020 ## - INTERNATIONAL STANDARD BOOK NUMBER | |
| International Standard Book Number | 9812530339 |
| 040 ## - CATALOGING SOURCE | |
| Transcribing agency | Nust |
| 082 00 - DEWEY DECIMAL CLASSIFICATION NUMBER | |
| Classification number | 621.38235,NIC |
| 245 00 - TITLE STATEMENT | |
| Title | Wireless networks / |
| Statement of responsibility, etc. | P. Nicopolitidis ... [et al.]. |
| 260 ## - PUBLICATION, DISTRIBUTION, ETC. | |
| Place of publication, distribution, etc. | Chichester, England ; |
| -- | Hoboken, NJ : |
| Name of publisher, distributor, etc. | J. Wiley, |
| Date of publication, distribution, etc. | 2003. |
| 300 ## - PHYSICAL DESCRIPTION | |
| Extent | xvi, 405 p. : |
| Other physical details | ill. ; |
| Dimensions | 25 cm. |
| 505 ## - FORMATTED CONTENTS NOTE | |
| Formatted contents note | Introduction to wireless Networks (Page-1), Wireless Communications Principles and Fundamentals (Page-25), First Generation 1G Cellular Systems (Page-95), Second Generation 2G Cellular Systems (Page-111), Third Generation 3G Cellular Systems (Page-151), Future Trends Fourth Generation 4G Systems and Beyond (Page-189), Satellite Network (Page-203), Wireless Local Area Networks (Page-239), Wireless ATM and Ad Hoc Routing (Page-273), Security Issues in Wireless Networks (Page-327), Simulation of Wireless Network systems (Page-341), Economic of Wireless Networks (Page-381). |
| 650 #0 - SUBJECT ADDED ENTRY--TOPICAL TERM | |
| Topical term or geographic name entry element | Telecommunication engineering |
| 700 1# - ADDED ENTRY--PERSONAL NAME | |
| Personal name | Nicopolitidis, P. |
| 9 (RLIN) | 105241 |
| 856 42 - ELECTRONIC LOCATION AND ACCESS | |
| Materials specified | Book review (E-STREAMS) |
| Uniform Resource Identifier | <a href="http://www.e-streams.com/es0610/es0610_2787.html">http://www.e-streams.com/es0610/es0610_2787.html</a> |
| 856 42 - ELECTRONIC LOCATION AND ACCESS | |
| Materials specified | Publisher description |
| Uniform Resource Identifier | <a href="http://www.loc.gov/catdir/description/wiley037/2002033135.html">http://www.loc.gov/catdir/description/wiley037/2002033135.html</a> |
| 856 42 - ELECTRONIC LOCATION AND ACCESS | |
| Materials specified | Table of contents |
| Uniform Resource Identifier | <a href="http://www.loc.gov/catdir/toc/wiley031/2002033135.html">http://www.loc.gov/catdir/toc/wiley031/2002033135.html</a> |
| 942 ## - ADDED ENTRY ELEMENTS (KOHA) | |
| Source of classification or shelving scheme | |
| Koha item type | Book |
| Withdrawn status | Lost status | Source of classification or shelving scheme | Damaged status | Not for loan | Permanent Location | Current Location | Shelving location | Date acquired | Full call number | Barcode | Date last seen | Price effective from | Koha item type | Public note |
|---|---|---|---|---|---|---|---|---|---|---|---|---|---|---|
| Military College of Signals (MCS) | Military College of Signals (MCS) | General Stacks | 12/12/2016 | 621.38235,NIC | MCS30900 | 12/08/2016 | 12/12/2016 | Book | Almirah No.37, Shelf No.4 |
